BTS guess the member Quiz Stats

 Plays Quiz not verified by Sporcle

Score 0/7 Timer 07:00
0 Plays Today
% Correct
RAP MON
97.8%
JUNGKOOK
97.5%
JIN
96.6%
SUGA
96.5%
JIMIN
96.2%
V
95.2%
JHOPE
94.9%

You're not logged in!

Compare scores with friends on all Sporcle quizzes.
OR
Log In

Sporcle TV

Today on Sporcle TV


Watch our educational content, quiz creation guides, and fun videos on Sporcle TV.

Show Comments

Extras

Created Sep 10, 2017ReportNominate
Tags:BTS

Top Quizzes Today


Score Distribution

Your Account Isn't Verified!

In order to create a playlist on Sporcle, you need to verify the email address you used during registration. Go to your Sporcle Settings to finish the process.

Report this User

Report this user for behavior that violates our Community Guidelines.

Details: